[Event "5th EKA IIFL Investment 2019"]
[Site "Mumbai"]
[Date "2020.01.03"]
[Round "5.19"]
[White "Girinath, P.D.S."]
[Black "Shyaamnikhil P"]
[Result "1/2-1/2"]
[WhiteElo "2330"]
[BlackElo "2455"]
[Annotator "RC"]
[PlyCount "57"]
[EventDate "2019.12.30"]
[EventType "swiss"]
[EventCountry "IND"]
[SourceTitle "playchess.com"]
[Source "ChessBase"]
[SourceQuality "1"]
[TimeControl "40/5400+30:1800+30"]

1. e4 {[%emt 0:00:00]} c5 {[%emt 0:00:00]} 2. Nf3 {[%emt 0:00:10]} d6 {[%emt 0:00:03]} 3. Bb5+ {[%emt 0:08:53]} Nd7 {[%emt 0:00:46]} 4. O-O {[%emt 0:01:18]} a6 {[%emt 0:00:11]} 5. Bxd7+ {[%emt 0:02:34]} Bxd7 {[%emt 0:00:41]} 6. d4 {[%emt 0:02:05]} cxd4 {[%emt 0:00:16]} 7. Qxd4 {[%emt 0:01:26]} Bg4 {[%emt 0:02:45]} 8. Nc3 {[%emt 0:17:31]} Rc8 {[%emt 0:02:29]} 9. Rd1 {[%emt 0:05:58]} e5 {[%emt 0:06:46]} 10. Qa7 {[%emt 0:12:25]} Bxf3 {[%emt 0:10:44]} 11. gxf3 {[%emt 0:00:09]} Qd7 {[%emt 0:01:08]} 12. Nd5 {[%emt 0:06:25]} Ne7 {[%emt 0:00:38]} 13. Nb6 {[%emt 0:09:06]} Nc6 {[%emt 0:00:13]} 14. Nxd7 {[%emt 0:01:07]} Nxa7 {[%emt 0:00:08]} 15. Nxf8 {[%emt 0:01:42]} Rxc2 {[%emt 0:17:35]} 16. Rxd6 {[%emt 0:05:09]} Rxf8 {[%emt 0:00:18]} 17. Rb6 {[%emt 0:03:57]} Rc7 {[%emt 0:00:46]} 18. Be3 {[%emt 0:00:36]} Nc8 {[%emt 0:00:09]} 19. Rb4 {[%emt 0:01:52]} f6 {[%emt 0:00:35]} 20. f4 Rff7 {[%emt 0:01:57]} 21. fxe5 {[%emt 0:08:39]} fxe5 {[%emt 0:00:06]} 22. Rd1 {[%emt 0:00:25]} Rfd7 {[%emt 0:03:37]} 23. Rxd7 {[%emt 0:00:30]} Rxd7 {[%emt 0:00:21]} 24. Rc4 {[%emt 0:00:49]} Nd6 {[%emt 0:00:13]} 25. Rc5 {[%emt 0:00:10]} Nf7 {[%emt 0:00:54]} 26. Rc1 {[%emt 0:01:58]} Nd6 {[%emt 0:00:25]} 27. Rc5 {[%emt 0:00:06]} Nf7 {[%emt 0:00:04]} 28. Rc1 {[%emt 0:00:08]} Nd6 {[%emt 0:00:04]} 29. Rc5 {[%emt 0:00:07]} 1/2-1/2

[Event "5th EKA IIFL Investment 2019"]
[Site "Mumbai"]
[Date "2020.01.03"]
[Round "5.20"]
[White "Koustav Chatterjee"]
[Black "Krishnater Kushager"]
[Result "1/2-1/2"]
[WhiteElo "2447"]
[BlackElo "2308"]
[Annotator "RC"]
[PlyCount "80"]
[EventDate "2019.12.30"]
[EventType "swiss"]
[EventCountry "IND"]
[SourceTitle "playchess.com"]
[Source "ChessBase"]
[SourceQuality "1"]
[TimeControl "40/5400+30:1800+30"]

1. d4 {[%emt 0:00:00]} Nf6 {[%emt 0:00:00]} 2. c4 {[%emt 0:00:00]} g6 {[%emt 0:00:00]} 3. Nc3 {[%emt 0:00:06]} Bg7 {[%emt 0:00:00]} 4. e4 {[%emt 0:00:17]} d6 {[%emt 0:00:00]} 5. h3 {[%emt 0:00:10]} O-O {[%emt 0:00:33]} 6. Nf3 {[%emt 0:00:04]} c6 {[%emt 0:01:03]} 7. Be2 {[%emt 0:02:03]} Na6 {[%emt 0:00:23]} 8. Be3 {[%emt 0:02:51]} e5 {[%emt 0:00:10]} 9. d5 {[%emt 0:00:14]} Nh5 {[%emt 0:00:15]} 10. g3 {[%emt 0:02:36]} cxd5 {[%emt 0:00:44]} 11. cxd5 {[%emt 0:05:00]} f5 {[%emt 0:00:56]} 12. exf5 {[%emt 0:06:35]} gxf5 {[%emt 0:00:04]} 13. Bg5 {[%emt 0:00:04]} Nf6 {[%emt 0:00:43]} 14. Nd2 {[%emt 0:10:48]} h6 {[%emt 0:14:40]} 15. Bh4 {[%emt 0:01:54]} Rb8 {[%emt 0:15:01]} 16. g4 {[%emt 0:18:17]} Qd7 {[%emt 0:10:05]} 17. Rg1 b5 18. gxf5 {[%emt 0:02:26]} Qxf5 {[%emt 0:04:36]} 19. Bxf6 {[%emt 0:04:19]} Qxf6 {[%emt 0:00:41]} 20. Nce4 {[%emt 0:00:18]} Qh4 {[%emt 0:10:25]} 21. Bg4 {[%emt 0:03:08]} Rf4 {[%emt 0:03:14]} 22. Qe2 {[%emt 0:05:37]} Bxg4 {[%emt 0:01:06]} 23. hxg4 {[%emt 0:01:19]} Rc8 {[%emt 0:07:29]} 24. Kd1 {[%emt 0:08:38]} Nc5 {[%emt 0:04:57]} 25. Rc1 {[%emt 0:03:40]} Rcf8 {[%emt 0:00:39]} 26. Rc3 {[%emt 0:04:12]} Qh2 {[%emt 0:07:51]} 27. Rf1 {[%emt 0:01:13]} Nxe4 {[%emt 0:01:50]} 28. Nxe4 {[%emt 0:00:12]} Qg2 {[%emt 0:00:03]} 29. f3 {[%emt 0:04:14]} Rxg4 {[%emt 0:00:21]} 30. Qxg2 {[%emt 0:03:36]} Rxg2 {[%emt 0:00:06]} 31. Rc2 {[%emt 0:00:03]} Rxc2 {[%emt 0:02:06]} 32. Kxc2 {[%emt 0:00:04]} Rc8+ {[%emt 0:00:07]} 33. Kb3 {[%emt 0:01:28]} a5 {[%emt 0:00:26]} 34. Rg1 {[%emt 0:01:36]} Kh7 {[%emt 0:00:05]} 35. a4 {[%emt 0:00:06]} Rc4 {[%emt 0:05:08]} 36. axb5 {[%emt 0:00:44]} Rb4+ {[%emt 0:00:16]} 37. Kc3 {[%emt 0:04:43]} Rxb5 {[%emt 0:01:47]} 38. Kc4 {[%emt 0:00:35]} Rb4+ {[%emt 0:00:05]} 39. Kc3 {[%emt 0:00:06]} Rb5 {[%emt 0:00:36]} 40. Kc4 {[%emt 0:00:00]} Rb4+ {[%emt 0:00:00]} 1/2-1/2

[Event "5th EKA IIFL Investment 2019"]
[Site "Mumbai"]
[Date "2020.01.03"]
[Round "5.21"]
[White "Vantika, Agrawal"]
[Black "Rahman, Ziaur"]
[Result "1-0"]
[WhiteElo "2287"]
[BlackElo "2440"]
[Annotator "ChessBase"]
[PlyCount "158"]
[EventDate "2019.12.30"]
[EventType "swiss"]
[EventCountry "IND"]
[SourceTitle "playchess.com"]
[Source "ChessBase"]
[SourceQuality "1"]
[TimeControl "40/5400+30:1800+30"]

1. d4 {[%emt 0:00:16]} d5 {[%emt 0:00:17]} 2. c4 {[%emt 0:00:08]} e6 {[%emt 0:00:07]} 3. Nf3 {[%emt 0:00:06]} Nf6 {[%emt 0:00:19]} 4. g3 {[%emt 0:00:06]} Bb4+ {[%emt 0:00:26]} 5. Nbd2 {[%emt 0:01:12]} dxc4 {[%emt 0:00:20]} 6. Bg2 {[%emt 0:00:33]} b5 {[%emt 0:00:21]} 7. O-O {[%emt 0:01:06]} a5 {[%emt 0:00:32]} 8. a3 {[%emt 0:01:15]} Be7 {[%emt 0:02:50]} 9. b3 {[%emt 0:00:47]} cxb3 {[%emt 0:03:46]} 10. Qxb3 {[%emt 0:01:10]} c6 {[%emt 0:06:21]} 11. Ne5 {[%emt 0:08:16]} Bb7 {[%emt 0:01:20]} 12. Bb2 {[%emt 0:00:58]} O-O {[%emt 0:00:54]} 13. Rfc1 {[%emt 0:05:18]} Nd5 {[%emt 0:10:46]} 14. Ne4 {[%emt 0:06:54]} a4 {[%emt 0:04:14]} 15. Qd1 {[%emt 0:06:55]} Nd7 {[%emt 0:07:27]} 16. Nxd7 {[%emt 0:15:31]} Qxd7 {[%emt 0:00:06]} 17. Nc5 {[%emt 0:01:32]} Bxc5 {[%emt 0:01:51]} 18. dxc5 {[%emt 0:00:26]} Rfd8 {[%emt 0:03:52]} 19. Qc2 {[%emt 0:04:06]} Qc7 {[%emt 0:06:16]} 20. Qe4 {[%emt 0:15:12]} Nf6 {[%emt 0:03:53]} 21. Qh4 {[%emt 0:05:18]} e5 {[%emt 0:01:47]} 22. f4 {[%emt 0:05:54]} Re8 {[%emt 0:13:18]} 23. Bxe5 {[%emt 0:02:27]} Qe7 {[%emt 0:00:24]} 24. Bf3 {[%emt 0:08:10]} Rad8 {[%emt 0:01:56]} 25. g4 {[%emt 0:02:04]} Qe6 {[%emt 0:01:39]} 26. Kh1 {[%emt 0:01:20]} Nd7 {[%emt 0:02:19]} 27. Bc7 {[%emt 0:00:52]} Rc8 {[%emt 0:00:10]} 28. Bd6 {[%emt 0:00:21]} Qe3 {[%emt 0:03:45]} 29. g5 {[%emt 0:00:59]} Ba6 {[%emt 0:04:07]} 30. Qg4 {[%emt 0:01:03]} Nf8 {[%emt 0:01:14]} 31. Be5 {[%emt 0:03:25]} Ng6 {[%emt 0:03:24]} 32. Bd6 {[%emt 0:01:25]} Ne7 {[%emt 0:03:15]} 33. Rg1 {[%emt 0:00:51]} Rcd8 {[%emt 0:01:38]} 34. f5 {[%emt 0:00:31]} Bc8 {[%emt 0:00:19]} 35. Bxe7 {[%emt 0:00:29]} Rxe7 {[%emt 0:00:21]} 36. Rad1 {[%emt 0:00:30]} Rf8 {[%emt 0:01:20]} 37. Qd4 {[%emt 0:00:31]} Bxf5 {[%emt 0:00:44]} 38. Qxe3 {[%emt 0:00:23]} Rxe3 {[%emt 0:00:02]} 39. Bxc6 {[%emt 0:00:29]} Rxa3 {[%emt 0:01:25]} 40. Rgf1 {[%emt 0:00:00]} Bc2 {[%emt 0:00:00]} 41. Rd7 {[%emt 0:17:32]} Bb3 {[%emt 0:08:53]} 42. Bxb5 {[%emt 0:00:58]} Be6 {[%emt 0:00:33]} 43. Rd3 {[%emt 0:09:12]} Ra2 {[%emt 0:01:50]} 44. c6 {[%emt 0:04:55]} a3 {[%emt 0:00:28]} 45. c7 {[%emt 0:00:27]} Rc2 {[%emt 0:00:59]} 46. Bd7 {[%emt 0:00:31]} Rxc7 {[%emt 0:01:29]} 47. Bxe6 {[%emt 0:00:08]} fxe6 {[%emt 0:00:04]} 48. Rxf8+ {[%emt 0:00:04]} Kxf8 {[%emt 0:00:03]} 49. Rxa3 {[%emt 0:00:04]} Rc5 {[%emt 0:00:39]} 50. Rf3+ {[%emt 0:01:37]} Kg8 {[%emt 0:00:15]} 51. g6 {[%emt 0:00:31]} hxg6 {[%emt 0:00:43]} 52. Re3 {[%emt 0:00:37]} Kf7 {[%emt 0:00:06]} 53. Kg2 {[%emt 0:00:11]} Rg5+ {[%emt 0:00:39]} 54. Kf3 {[%emt 0:00:20]} Kf6 {[%emt 0:00:09]} 55. Ra3 {[%emt 0:00:35]} Rf5+ {[%emt 0:00:24]} 56. Kg3 {[%emt 0:00:19]} g5 {[%emt 0:00:12]} 57. Ra7 {[%emt 0:00:38]} Re5 {[%emt 0:00:20]} 58. Kf2 {[%emt 0:00:30]} g4 {[%emt 0:00:17]} 59. Rb7 {[%emt 0:00:51]} g6 {[%emt 0:00:26]} 60. Ra7 {[%emt 0:00:36]} Kg5 {[%emt 0:00:31]} 61. Rg7 {[%emt 0:00:32]} Kf6 {[%emt 0:00:37]} 62. Ra7 {[%emt 0:00:11]} Rh5 {[%emt 0:00:14]} 63. Kg2 {[%emt 0:00:23]} Kf5 {[%emt 0:01:23]} 64. Rf7+ {[%emt 0:00:49]} Kg5 {[%emt 0:00:33]} 65. Re7 {[%emt 0:00:23]} Kf6 {[%emt 0:00:03]} 66. Ra7 {[%emt 0:00:11]} Rh3 {[%emt 0:00:30]} 67. Ra4 {[%emt 0:01:03]} Kf5 {[%emt 0:00:24]} 68. Ra7 {[%emt 0:00:22]} e5 {[%emt 0:02:18]} 69. Rf7+ {[%emt 0:00:24]} Kg5 {[%emt 0:02:48]} 70. Rf8 {[%emt 0:00:43]} Ra3 {[%emt 0:01:45]} 71. Rf7 {[%emt 0:00:26]} Ra4 {[%emt 0:00:25]} 72. Rf8 {[%emt 0:00:18]} Re4 {[%emt 0:00:39]} 73. Rf2 {[%emt 0:00:47]} Rf4 {[%emt 0:01:24]} 74. Kg3 {[%emt 0:00:31]} Rxf2 {[%emt 0:01:03]} 75. Kxf2 {[%emt 0:00:04]} Kh4 {[%emt 0:00:48]} 76. Kg2 {[%emt 0:00:37]} e4 {[%emt 0:00:21]} 77. e3 {[%emt 0:00:46]} g5 {[%emt 0:03:04]} 78. Kh1 {[%emt 0:00:33]} Kh3 {[%emt 0:00:34]} 79. Kg1 {[%emt 0:00:23]} g3 {[%emt 0:00:13]} 1-0

[Event "5th EKA IIFL Investment 2019"]
[Site "Mumbai"]
[Date "2020.01.03"]
[Round "5.22"]
[White "Mohammad, Nubairshah Shaikh"]
[Black "Senthil, Maran K"]
[Result "1/2-1/2"]
[WhiteElo "2421"]
[BlackElo "2305"]
[Annotator "ChessBase"]
[PlyCount "70"]
[EventDate "2019.12.30"]
[EventType "swiss"]
[EventCountry "IND"]
[SourceTitle "playchess.com"]
[Source "ChessBase"]
[SourceQuality "1"]
[TimeControl "40/5400+30:1800+30"]

1. d4 {[%emt 0:03:52]} d5 {[%emt 0:00:10]} 2. c4 {[%emt 0:00:03]} c6 {[%emt 0:00:09]} 3. Nf3 {[%emt 0:00:07]} Nf6 {[%emt 0:00:09]} 4. Nc3 {[%emt 0:00:02]} e6 {[%emt 0:00:10]} 5. Bg5 {[%emt 0:00:09]} h6 {[%emt 0:00:23]} 6. Bh4 {[%emt 0:00:02]} Nbd7 {[%emt 0:01:20]} 7. e3 {[%emt 0:00:52]} g5 {[%emt 0:00:15]} 8. Bg3 {[%emt 0:00:15]} Nh5 {[%emt 0:00:09]} 9. Be5 {[%emt 0:06:06]} Nhf6 {[%emt 0:03:22]} 10. Bd3 {[%emt 0:07:20]} Nxe5 {[%emt 0:08:26]} 11. Nxe5 {[%emt 0:03:14]} Bg7 {[%emt 0:00:14]} 12. Qf3 {[%emt 0:17:17]} Qe7 {[%emt 0:02:36]} 13. h4 {[%emt 0:06:11]} Nd7 {[%emt 0:03:07]} 14. Nxd7 {[%emt 0:01:51]} Bxd7 {[%emt 0:00:09]} 15. hxg5 {[%emt 0:00:02]} hxg5 {[%emt 0:01:12]} 16. Rxh8+ {[%emt 0:00:27]} Bxh8 {[%emt 0:00:02]} 17. cxd5 {[%emt 0:01:57]} cxd5 {[%emt 0:06:05]} 18. O-O-O {[%emt 0:07:13]} Rc8 {[%emt 0:06:55]} 19. Rh1 {[%emt 0:03:16]} Bg7 {[%emt 0:06:06]} 20. Kb1 {[%emt 0:00:29]} Qb4 {[%emt 0:02:12]} 21. a3 {[%emt 0:17:21]} Qa5 {[%emt 0:23:29]} 22. Rh7 {[%emt 0:02:10]} Kf8 {[%emt 0:02:06]} 23. Qg3 {[%emt 0:07:35]} Qd8 {[%emt 0:11:53]} 24. Qd6+ {[%emt 0:01:46]} Kg8 {[%emt 0:00:18]} 25. Rh5 {[%emt 0:00:12]} Bf6 {[%emt 0:01:53]} 26. Ka2 {[%emt 0:05:51]} a6 {[%emt 0:00:41]} 27. Qg3 {[%emt 0:03:09]} Qa5 {[%emt 0:07:27]} 28. Rh6 {[%emt 0:03:06]} Rxc3 {[%emt 0:07:16]} 29. bxc3 {[%emt 0:00:02]} Qxc3 {[%emt 0:00:15]} 30. Qb8+ {[%emt 0:01:19]} Bc8 {[%emt 0:00:02]} 31. Qd6 {[%emt 0:01:39]} Qxd3 {[%emt 0:03:08]} 32. Rxf6 {[%emt 0:00:06]} Qc2+ {[%emt 0:01:53]} 33. Ka1 {[%emt 0:00:02]} Qc1+ {[%emt 0:00:20]} 34. Ka2 {[%emt 0:00:01]} Qc2+ {[%emt 0:00:09]} 35. Ka1 {[%emt 0:00:02]} Qc1+ {[%emt 0:00:07]} 1/2-1/2

[Event "5th EKA IIFL Investment 2019"]
[Site "Mumbai"]
[Date "2020.01.03"]
[Round "5.23"]
[White "Sundararajan, Kidambi"]
[Black "Thakur, Akash"]
[Result "1-0"]
[WhiteElo "2414"]
[BlackElo "2300"]
[Annotator "ChessBase"]
[PlyCount "83"]
[EventDate "2019.12.30"]
[EventType "swiss"]
[EventCountry "IND"]
[SourceTitle "playchess.com"]
[Source "ChessBase"]
[SourceQuality "1"]
[TimeControl "40/5400+30:1800+30"]

1. Nf3 d5 2. g3 Nf6 3. Bg2 e6 4. O-O Be7 5. c4 O-O 6. b3 c5 7. cxd5 Nxd5 8. Bb2 Nc6 9. Nc3 Nxc3 10. dxc3 Qc7 11. Qc2 b6 12. Bc1 Bb7 13. Bf4 Bd6 14. Ng5 g6 15. Bxd6 Qxd6 16. h4 Rad8 17. Rad1 Qe7 18. Qc1 f6 19. Ne4 Kg7 20. Qe3 Rxd1 21. Rxd1 Rd8 22. Rxd8 Nxd8 23. f4 f5 24. Ng5 Bxg2 25. Kxg2 h6 26. Nf3 Nf7 27. b4 Qd6 28. bxc5 bxc5 29. c4 Kf6 30. Qa3 a6 31. Qe3 Qc7 32. Ne1 Qa5 33. Kf1 Qb4 34. Nd3 Qxc4 35. Nxc5 g5 36. hxg5+ hxg5 37. fxg5+ Kg6 38. Nxe6 Qxa2 39. Nf4+ Kxg5 40. Qe7+ Kh6 41. Qf6+ Kh7 42. Nh5 1-0

[Event "5th EKA IIFL Investment 2019"]
[Site "Mumbai"]
[Date "2020.01.03"]
[Round "5.24"]
[White "Manish Anto Cristiano F"]
[Black "Zysk, Robert"]
[Result "1-0"]
[WhiteElo "2280"]
[BlackElo "2403"]
[Annotator "ChessBase"]
[PlyCount "135"]
[EventDate "2019.12.30"]
[EventType "swiss"]
[EventCountry "IND"]
[SourceTitle "playchess.com"]
[Source "ChessBase"]
[SourceQuality "1"]
[TimeControl "40/5400+30:1800+30"]

1. e4 {[%emt 0:03:39]} g6 {[%emt 0:00:00]} 2. d4 {[%emt 0:01:29]} Bg7 {[%emt 0:00:00]} 3. Be3 {[%emt 0:00:59]} d6 {[%emt 0:02:46]} 4. Nc3 {[%emt 0:01:02]} b6 {[%emt 0:05:38]} 5. Qd2 {[%emt 0:01:46]} Bb7 {[%emt 0:00:34]} 6. O-O-O {[%emt 0:02:15]} Nd7 {[%emt 0:03:58]} 7. h4 {[%emt 0:01:45]} h6 {[%emt 0:04:05]} 8. h5 {[%emt 0:03:11]} g5 {[%emt 0:00:28]} 9. f4 {[%emt 0:00:36]} gxf4 {[%emt 0:10:25]} 10. Bxf4 {[%emt 0:00:11]} a6 {[%emt 0:01:26]} 11. Rh3 {[%emt 0:05:28]} e6 {[%emt 0:14:58]} 12. Rg3 {[%emt 0:03:20]} Bf8 {[%emt 0:02:34]} 13. e5 {[%emt 0:05:11]} d5 {[%emt 0:01:17]} 14. Bd3 {[%emt 0:10:30]} c5 {[%emt 0:05:42]} 15. dxc5 {[%emt 0:08:24]} Nxc5 {[%emt 0:01:54]} 16. Nf3 {[%emt 0:03:39]} Ne7 {[%emt 0:09:23]} 17. Nd4 {[%emt 0:01:52]} Nc6 {[%emt 0:00:23]} 18. Be2 {[%emt 0:12:33]} Nxd4 {[%emt 0:06:44]} 19. Qxd4 {[%emt 0:00:03]} Qc7 {[%emt 0:00:38]} 20. Kb1 {[%emt 0:02:45]} b5 {[%emt 0:01:07]} 21. a3 {[%emt 0:05:25]} Nd7 {[%emt 0:00:58]} 22. b4 {[%emt 0:02:11]} Qb6 {[%emt 0:06:24]} 23. Be3 {[%emt 0:01:18]} Qxd4 {[%emt 0:02:34]} 24. Bxd4 {[%emt 0:00:02]} Nb8 {[%emt 0:01:09]} 25. a4 {[%emt 0:02:30]} bxa4 {[%emt 0:03:34]} 26. Nxa4 {[%emt 0:00:03]} Nd7 {[%emt 0:00:24]} 27. b5 {[%emt 0:00:56]} Be7 {[%emt 0:01:18]} 28. Nb6 {[%emt 0:01:58]} Nxb6 {[%emt 0:00:36]} 29. Bxb6 {[%emt 0:00:02]} Bg5 {[%emt 0:01:14]} 30. Rf1 {[%emt 0:00:57]} axb5 {[%emt 0:07:12]} 31. Bxb5+ {[%emt 0:00:03]} Kf8 {[%emt 0:00:14]} 32. Bc5+ {[%emt 0:00:38]} Be7 {[%emt 0:02:41]} 33. Bxe7+ {[%emt 0:01:53]} Kxe7 {[%emt 0:00:06]} 34. Rg7 {[%emt 0:00:11]} Rhf8 {[%emt 0:00:47]} 35. Rf6 {[%emt 0:01:16]} Ba6 {[%emt 0:00:55]} 36. Bxa6 {[%emt 0:00:32]} Rxa6 {[%emt 0:00:07]} 37. Rxh6 {[%emt 0:00:05]} Ra4 {[%emt 0:00:33]} 38. Rf6 {[%emt 0:00:58]} Re4 {[%emt 0:00:35]} 39. h6 {[%emt 0:01:34]} Rxe5 {[%emt 0:01:07]} 40. Rf1 {[%emt 0:00:00]} Rh5 {[%emt 0:00:00]} 41. h7 {[%emt 0:01:32]} Rh2 {[%emt 0:18:54]} 42. g4 {[%emt 0:04:00]} d4 {[%emt 0:05:47]} 43. g5 {[%emt 0:03:52]} d3 {[%emt 0:00:29]} 44. cxd3 {[%emt 0:03:49]} Rb8+ {[%emt 0:06:41]} 45. Kc1 {[%emt 0:00:01]} Rc8+ {[%emt 0:00:20]} 46. Kd1 {[%emt 0:00:51]} Kd6 {[%emt 0:00:26]} 47. Rgxf7 {[%emt 0:07:57]} Rcc2 {[%emt 0:01:17]} 48. Rh1 {[%emt 0:06:07]} Rcd2+ {[%emt 0:00:51]} 49. Ke1 {[%emt 0:00:18]} Rde2+ {[%emt 0:00:03]} 50. Kf1 {[%emt 0:01:01]} Ref2+ {[%emt 0:00:08]} 51. Rxf2 {[%emt 0:00:06]} Rxh1+ {[%emt 0:00:02]} 52. Kg2 {[%emt 0:00:22]} Rxh7 {[%emt 0:00:02]} 53. Kg3 {[%emt 0:00:17]} e5 {[%emt 0:02:44]} 54. Kg4 {[%emt 0:00:12]} Ke6 {[%emt 0:00:36]} 55. g6 {[%emt 0:01:16]} Rh1 {[%emt 0:00:50]} 56. Rf3 {[%emt 0:00:12]} Rg1+ {[%emt 0:01:02]} 57. Kh5 {[%emt 0:00:07]} Rh1+ {[%emt 0:00:08]} 58. Kg5 {[%emt 0:00:09]} Rg1+ {[%emt 0:00:13]} 59. Kh6 {[%emt 0:00:07]} Rh1+ {[%emt 0:00:11]} 60. Kg7 {[%emt 0:00:06]} Ke7 {[%emt 0:00:50]} 61. Kg8 {[%emt 0:01:50]} Rh6 {[%emt 0:00:52]} 62. g7 {[%emt 0:00:16]} Rh5 {[%emt 0:00:30]} 63. Rf7+ {[%emt 0:01:22]} Ke8 {[%emt 0:00:19]} 64. Ra7 {[%emt 0:00:46]} Rh3 {[%emt 0:00:51]} 65. Ra5 {[%emt 0:01:04]} Ke7 {[%emt 0:01:05]} 66. Rxe5+ {[%emt 0:03:11]} Kf6 {[%emt 0:00:05]} 67. Re8 {[%emt 0:04:05]} Rxd3 {[%emt 0:00:19]} 68. Kf8 {[%emt 0:00:07]} 1-0

[Event "5th EKA IIFL Investment 2019"]
[Site "Mumbai"]
[Date "2020.01.03"]
[Round "5.25"]
[White "Moksh Amit Doshi"]
[Black "Navalgund, Niranjan"]
[Result "1-0"]
[WhiteElo "2399"]
[BlackElo "2231"]
[Annotator "ChessBase"]
[PlyCount "89"]
[EventDate "2019.12.30"]
[EventType "swiss"]
[EventCountry "IND"]
[SourceTitle "playchess.com"]
[Source "ChessBase"]
[SourceQuality "1"]
[TimeControl "40/5400+30:1800+30"]

1. d4 {[%emt 0:00:03]} d5 {[%emt 0:00:00]} 2. c4 {[%emt 0:00:08]} e6 {[%emt 0:00:00]} 3. Nf3 {[%emt 0:01:37]} Nf6 {[%emt 0:00:05]} 4. Nc3 {[%emt 0:00:32]} c5 {[%emt 0:00:16]} 5. cxd5 {[%emt 0:00:44]} exd5 {[%emt 0:00:03]} 6. g3 {[%emt 0:00:21]} Nc6 {[%emt 0:00:09]} 7. Bg2 {[%emt 0:00:06]} cxd4 {[%emt 0:00:07]} 8. Nxd4 {[%emt 0:00:05]} Bc5 {[%emt 0:00:04]} 9. Nb3 {[%emt 0:02:09]} Bb6 {[%emt 0:00:11]} 10. O-O {[%emt 0:01:00]} d4 {[%emt 0:02:00]} 11. Na4 {[%emt 0:02:15]} O-O {[%emt 0:00:52]} 12. Bg5 {[%emt 0:08:03]} Re8 {[%emt 0:06:27]} 13. Nxb6 {[%emt 0:04:07]} axb6 {[%emt 0:02:24]} 14. Bxc6 {[%emt 0:00:17]} bxc6 {[%emt 0:00:05]} 15. Nxd4 {[%emt 0:01:01]} Bh3 {[%emt 0:27:51]} 16. Re1 {[%emt 0:02:47]} h6 {[%emt 0:08:36]} 17. Be3 {[%emt 0:25:53]} Rxe3 {[%emt 0:16:52]} 18. fxe3 {[%emt 0:00:12]} Qe8 {[%emt 0:09:58]} 19. Qb3 {[%emt 0:03:36]} Ng4 {[%emt 0:01:01]} 20. Rac1 {[%emt 0:02:42]} c5 {[%emt 0:10:55]} 21. Nf3 {[%emt 0:00:29]} Rxa2 {[%emt 0:00:20]} 22. Rc3 {[%emt 0:01:03]} Ra6 {[%emt 0:02:57]} 23. Rd1 {[%emt 0:02:06]} Qa8 {[%emt 0:01:09]} 24. Rcd3 {[%emt 0:01:28]} Ra1 {[%emt 0:01:14]} 25. Rxa1 {[%emt 0:00:42]} Qxa1+ {[%emt 0:00:01]} 26. Rd1 {[%emt 0:00:09]} Qa5 {[%emt 0:01:02]} 27. Qd5 {[%emt 0:06:16]} Nxe3 {[%emt 0:02:49]} 28. Qd8+ {[%emt 0:02:20]} Kh7 {[%emt 0:00:02]} 29. Qd3+ {[%emt 0:00:10]} Nf5 {[%emt 0:00:01]} 30. Qe4 {[%emt 0:02:22]} g6 {[%emt 0:02:13]} 31. Qe8 {[%emt 0:02:29]} Qa2 {[%emt 0:00:43]} 32. Kf2 {[%emt 0:02:05]} Ng7 {[%emt 0:00:01]} 33. Qf8 {[%emt 0:00:24]} g5 {[%emt 0:00:56]} 34. Ne5 {[%emt 0:07:03]} Qxb2 {[%emt 0:00:55]} 35. Qb8 {[%emt 0:01:41]} f6 {[%emt 0:02:15]} 36. Nc4 {[%emt 0:03:38]} Qb3 {[%emt 0:00:40]} 37. Ne3 {[%emt 0:00:06]} c4 {[%emt 0:01:21]} 38. Rd6 {[%emt 0:00:59]} Qb1 {[%emt 0:01:33]} 39. Rxf6 {[%emt 0:00:54]} g4 {[%emt 0:00:41]} 40. Qf4 {[%emt 0:00:00]} Qh1 {[%emt 0:00:00]} 41. Rxh6+ {[%emt 0:01:32]} Kg8 {[%emt 0:00:19]} 42. Qxc4+ {[%emt 0:00:04]} Kf8 {[%emt 0:00:09]} 43. Rf6+ {[%emt 0:00:40]} Ke7 {[%emt 0:00:29]} 44. Qf7+ {[%emt 0:00:36]} Kd8 {[%emt 0:00:02]} 45. Qxg7 {[%emt 0:00:24]} 1-0